000 00767pam a2200229 a 4500
001 1577476
005 20231205004224.0
008 930603s1993 ii b 001 0 eng
020 _a8170363543
020 _a0803991282 (U.S. : hbk)
040 _aDLC
_cDLC
_dDLC
082 0 0 _a305.42/0954/83
_220
_bLEE.
100 1 _aGulati, Leela.
245 1 0 _aIn the absence of their men :
_bthe impact of male migration on women /
_cLeela Gulati.
260 _aNew Delhi ;
_aThousand Oaks, Calif. :
_bSage Publications,
_c1993.
300 _a174 p. ;
650 0 _aWomen heads of households
650 0 _aWomen
856 4 2 _uhttp://www.loc.gov/catdir/enhancements/fy0657/93005204-d.html
856 4 1 _uhttp://www.loc.gov/catdir/enhancements/fy0657/93005204-t.html
942 _cL
999 _c143
_d143